Vista normal Vista MARC

Entrada Personal Name

Número de registros utilizados en: 1

001 - CONTROL NUMBER

  • control field: 6770

003 - CONTROL NUMBER IDENTIFIER

  • control field: OSt

005 - DATE AND TIME OF LATEST TRANSACTION

  • control field: 20200707112203.0

008 - FIXED-LENGTH DATA ELEMENTS

  • fixed length control field: 200707|| aca||aabn | a|a d

040 ## - CATALOGING SOURCE

  • Original cataloging agency: OSt
  • Transcribing agency: OSt

100 ## - HEADING--PERSONAL NAME

  • Personal name: Rafael, Luis

670 ## - SOURCE DATA FOUND

  • Source citation: Work cat.: (OSt)3994: Dickens, Charles, 1812-1870 autor 6767, Canción de navidad / , 2010